| 000 | 02161cam a22004574i 4500 | ||
|---|---|---|---|
| 003 | PE-LiUPU | ||
| 005 | 20250731165401.0 | ||
| 008 | 150928s2010 pe grm 000 0 spa d | ||
| 035 | _a(Sirsi) a154665 | ||
| 040 |
_aPE-LiUPU _bspa _cPE-LiUPU _erda |
||
| 099 |
_aTE 3 _bP26 2010 |
||
| 100 | 1 |
_aPariona Ayllón, Norma Irene _eautor |
|
| 245 | 1 |
_aRelación entre factores sociales y la calidad de servicios en el Instituto Superior Público "Villa María". 2009 / _cNorma Irene Pariona Ayllón. |
|
| 264 | 0 | _c2010. | |
| 300 |
_a98 hojas _c31 cm |
||
| 336 |
_atext _2rdacontent |
||
| 337 |
_aunmediated _2rdamedia |
||
| 338 |
_avolume _2rdacarrier |
||
| 502 |
_aTesis _b(Mg.) -- _cUniversidad Peruana Unión, _d2010. |
||
| 504 | _aIncluye referencias | ||
| 520 | 3 | _aEl estudio responde a lograr el objetivo general: determinar la relación de los factores sociales con la calidad de servicio en el Instituto Superior Tecnológico Publico "Villa María", 2009. Además se propuso lograr objetivos específicos: determinar la relación de los factores sociales con el trato equitativo de los docentes; determinar la relación de los factores sociales y la eficacia académica de los docentes. Se ha trabajado las variables de investigación: variable predictora: factores sociales y sus dimensiones: políticos, étnicos, económicos y regionales; variable criterio: calidad de servicio y sus dimensiones: calidez humana de los docentes, trato equitativo de los docentes y eficacia académica de los docentes . | |
| 526 | _aSEG44 | ||
| 526 | _aSEG26 | ||
| 526 | _aP151 | ||
| 526 | _aP150 | ||
| 526 | _aP149 | ||
| 526 | _aP146 | ||
| 526 | _aP145 | ||
| 526 | _aP126 | ||
| 526 | _aP125 | ||
| 526 | _aP92 | ||
| 526 | _aP75 | ||
| 526 | _aP74 | ||
| 526 | _aP27 | ||
| 526 | _aP15 | ||
| 610 | 2 |
_aInstituto Superior Público "Villa María" _xServicios educativos _vTesis. |
|
| 650 | 0 | 4 |
_aServicios educativos _xAspectos sociales _vTesis. |
| 596 | _a1 | ||
| 942 |
_2ddc _cTESIS |
||
| 999 |
_aTE 3 P26 2010 _wALPHANUM _c7370 _iT01201 _lCCODEBUL3 _mBUL _r1 _sY _tTESIS _u2015-9-28 _xPOSGRADO _PP57 _o.STAFF. Tesis _d7370 |
||
| 980 |
_81 _gALBERTO SANCHEZ Responsable de Automatización |
||